Sindbad and Other Stories from the Arabian Nights / (Record no. 197111)

MARC details
000 -LEADER
fixed length control field 00571nam a22001937a 4500
005 - DATE AND TIME OF LATEST TRANSACTION
control field 20230814153840.0
010 ## - LCCN (DPL NO)
LC control number B-755573
020 ## - INTERNATIONAL STANDARD BOOK NUMBER
International Standard Book Number 9788188197705
Terms of availability 425.00
035 ## - SYSTEM CONTROL NUMBER
System control number B-755573
037 ## - SOURCE OF ACQUISITION
Source of stock number/acquisition Kavita Book Center
082 ## - DEWEY DECIMAL CLASSIFICATION NUMBER
Classification number S
100 ## - MAIN ENTRY--PERSONAL NAME
Personal name Dubey,C.M.
245 ## - TITLE STATEMENT
Title Sindbad and Other Stories from the Arabian Nights /
Statement of responsibility, etc by C.M. Dubey
260 ## - PUBLICATION, DISTRIBUTION, ETC. (IMPRINT)
Place of publication, distribution, etc Delhi
Name of publisher, distributor, etc Kavita Book Center
Date of publication, distribution, etc 2022
270 ## - ADDRESS
Address F-5/13, Lajpatrai Choowk
City Delhi
Postal code 110051
300 ## - PHYSICAL DESCRIPTION
Extent 126p.
Dimensions 21cm(pbk)
942 ## - ADDED ENTRY ELEMENTS (KOHA)
Source of classification or shelving scheme Dewey Decimal Classification
Item type Children Books
Call number suffix DUB
Classification part S
Holdings
Withdrawn status Lost status Not for loan Collection code Home library Current library Date acquired Source of acquisition Cost, normal purchase price Full call number Barcode Copy number Cost, replacement price Koha item type
      Fiction Central Library Central Library 14/08/2023 Gift/10.8.23 425.00 S DUB B-755573 1 425.00 Children Books

© Delhi Public Library
Hit Counter
free hit counter